000 00912cai a22001815a 4500
001 L153758
008 110825u2011 xxu g 000 0 eng d
035 _a(Sirsi) u153758
041 0 _aeng
110 2 _aStone Federation Great Britain
_93498
245 0 0 _aStone Federation Great Britain
_h[electronic resource]
520 _aWebsite for the Stone Federation Great Britain, the official trade association for the natural stone industry. The Federation co-ordinates all aspects of the industry and provides specifiers and users with a first point of contact for information, advice and guidance in sourcing an appropriate material and a reliable service.
590 _aKA
651 4 _aUnited Kingdom
_y
690 _aBUILT ENVIRONMENT-BUILDING MATERIALS-STONE
856 4 0 _uhttps://www.stone-federationgb.org.uk/default.aspx
_zView the website free of charge at www.stone-federationgb.org.uk
942 _n0
999 _c120928
_d120928